Reedukace specifických poruch učení u dětí / Drahomíra Jucovičová, Hana Žáčková
Metody a postupy reedukace specifických poruch učení sloužících k odstranění obtíží dítěte v nejvyšší možné míře. Příručka pro rodiče a učitele.
Specifické poruchy učení (SPU) jsou definovány jako neschopnost naučit se číst, psát a počítat pomocí běžných výukových metod. Školní výkony dětí, které trpí SPU, neodpovídají jejich skutečným intelektovým vlastnostem, jež bývají na vyšší úrovni. Specifické poruchy učení tak negativně ovlivňují školní úspěšnost a tím nepříznivě působí na psychiku dětí. Důležité je proto včasné rozpoznání a diagnostika SPU a výběr adekvátních reedukačních postupů. Text se věnuje nápravám a kompenzaci tří nejčastějších poruch učení - dyslexii, dysgrafii a dysortografii. U dětí se SPU bývá nedostatečně vyvinutý proces smyslového vnímání, čímž dochází ke zkreslenému vnímání světa - dítě nesprávně vnímá písmena, hlásky, číslice. Je tedy nutné rozvíjení především zrakového a sluchového vnímání včetně uplatnění multisenzorického přístupu. Autorky uvádějí konkrétní návodné postupy a hry. Poté se věnují reedukaci jednotlivých poruch: v kapitole o dyslexii jsou uvedeny jednotlivé fáze osvojování čtení s konkrétními možnostmi pomoci, kapitola o dysgrafii obsahuje popis grafomotorického nácviku a kapitola o dysortografii nabízí cvičení eliminující nejčastější chyby. Doplněno obrazovou přílohou.
Record details
- ISBN: 978-80-262-0645-3
- Physical Description: 175 s. : barev. il., faksim. ; 21 cm
- Edition: Vyd. 2.
- Publisher: Praha : Portál, 2014
Content descriptions
| Bibliography, etc. Note: | Obsahuje bibliografii |
Search for related items by subject
| Subject: | děti specifické poruchy učení reedukace children learning disabilities reeducation |
| Genre: | příručky handbooks and manuals |
Search for related items by series
Available copies
- 1 of 1 copy available at Common Catalog SPOK.
Holds
- 0 current holds with 1 total copy.
Other Formats and Editions
Show Only Available Copies
| Location | Call Number / Copy Notes | Barcode | Shelving Location | Status | Due Date |
|---|---|---|---|---|---|
| Jabok Library | PeS-5.5 | 424480038620 | Odborná literatura | Available | - |
| LDR | 04019nam a2200733 a 4500 | ||
|---|---|---|---|
| 001 | 24317 | ||
| 003 | CZ-PrJAB | ||
| 005 | 20161214113649.0 | ||
| 007 | ta | ||
| 008 | 131217s2014 xr ah e f 000 0 cze | ||
| 015 | . | ‡acnb002536117 | |
| 020 | . | ‡a978-80-262-0645-3 ‡q(brož.) | |
| 035 | . | ‡a(CZ PrSKC)nkc20132536117 | |
| 035 | . | ‡a(OCoLC)316674685 | |
| 035 | . | ‡a(OCoLC)879564201 | |
| 040 | . | ‡aABA001 ‡bcze ‡dOLA001 | |
| 072 | 7. | ‡a376 ‡xVýchova a vzdělávání zvláštních skupin osob ‡2Konspekt ‡922 | |
| 080 | . | ‡a316.346.32-053.2 ‡2MRF | |
| 080 | . | ‡a616.89-008.43 ‡2MRF | |
| 080 | . | ‡a376 ‡2MRF | |
| 080 | . | ‡a(035) ‡2MRF | |
| 100 | 1 | . | ‡aJucovičová, Drahomíra, ‡d1962- ‡7xx0012303 ‡4aut |
| 245 | 1 | 0. | ‡aReedukace specifických poruch učení u dětí / ‡cDrahomíra Jucovičová, Hana Žáčková |
| 250 | . | ‡aVyd. 2. | |
| 260 | . | ‡aPraha : ‡bPortál, ‡c2014 | |
| 300 | . | ‡a175 s. : ‡bbarev. il., faksim. ; ‡c21 cm | |
| 490 | 1 | . | ‡aSpeciální pedagogika |
| 504 | . | ‡aObsahuje bibliografii | |
| 520 | . | ‡aMetody a postupy reedukace specifických poruch učení sloužících k odstranění obtíží dítěte v nejvyšší možné míře. Příručka pro rodiče a učitele. | |
| 520 | . | ‡aSpecifické poruchy učení (SPU) jsou definovány jako neschopnost naučit se číst, psát a počítat pomocí běžných výukových metod. Školní výkony dětí, které trpí SPU, neodpovídají jejich skutečným intelektovým vlastnostem, jež bývají na vyšší úrovni. Specifické poruchy učení tak negativně ovlivňují školní úspěšnost a tím nepříznivě působí na psychiku dětí. Důležité je proto včasné rozpoznání a diagnostika SPU a výběr adekvátních reedukačních postupů. Text se věnuje nápravám a kompenzaci tří nejčastějších poruch učení - dyslexii, dysgrafii a dysortografii. U dětí se SPU bývá nedostatečně vyvinutý proces smyslového vnímání, čímž dochází ke zkreslenému vnímání světa - dítě nesprávně vnímá písmena, hlásky, číslice. Je tedy nutné rozvíjení především zrakového a sluchového vnímání včetně uplatnění multisenzorického přístupu. Autorky uvádějí konkrétní návodné postupy a hry. Poté se věnují reedukaci jednotlivých poruch: v kapitole o dyslexii jsou uvedeny jednotlivé fáze osvojování čtení s konkrétními možnostmi pomoci, kapitola o dysgrafii obsahuje popis grafomotorického nácviku a kapitola o dysortografii nabízí cvičení eliminující nejčastější chyby. Doplněno obrazovou přílohou. | |
| 650 | 0 | 7. | ‡aděti ‡7ph114392 ‡2czenas |
| 650 | 0 | 7. | ‡aspecifické poruchy učení ‡7ph125888 ‡2czenas |
| 650 | 0 | 7. | ‡areedukace ‡7ph395736 ‡2czenas |
| 650 | 0 | 9. | ‡achildren ‡2eczenas |
| 650 | 0 | 9. | ‡alearning disabilities ‡2eczenas |
| 650 | 0 | 9. | ‡areeducation ‡2eczenas |
| 655 | 7. | ‡apříručky ‡7fd133209 ‡2czenas | |
| 655 | 9. | ‡ahandbooks and manuals ‡2eczenas | |
| 830 | 0. | ‡aSpeciální pedagogika (Portál) | |
| 910 | . | ‡aABG312 | |
| 901 | . | ‡a24317 ‡b ‡c24317 ‡tbiblio | |